Educación para la ciudadanía : un enfoque basado en el desarrollo de competencias transversales /

保存先:
書誌詳細
主要な著者: Aguilar García, Tusta (著者), Callejo de la Vega, María Luz (著者), Gómez Chacón, Inés Ma. (Inés María) (著者), Juarros González, Olga (著者), Molina Medina, Encarnación (著者), Velasco Rodríguez, Carmen (著者)
その他の著者: Marco Stiefel, Berta (編集者)
フォーマット: 電子媒体 eBook
言語:スペイン語
出版事項: Madrid : Narcea S.A. de Ediciones, 2010.
版:Primera edición en eBook.
シリーズ:Apuntes I.E.P.S. ; no. 67.
主題:
オンライン・アクセス:Digitalia Hispánica
タグ: タグ追加
タグなし, このレコードへの初めてのタグを付けませんか!

MARC

LEADER 00000nam a2200000Ii 4500
001 DIGNARCEA0036
003 NyNyDIG
006 m o d
008 170826s2010 sp a ob 000 0 spa d
007 cr |||||||||||
035 |a (OCoLC)1002036409 
040 |a DGITA  |b eng  |e rda  |e pn  |c DGITA 
020 |a 9788427717459  |q (eBook ;  |q pdf) 
020 |a 8427717458  |q (eBook ;  |q pdf) 
020 |z 9788427713970 
020 |z 8427713975 
050 1 4 |a LC1091 ebook 
082 0 4 |a 370.115 
245 0 0 |a Educación para la ciudadanía :  |b un enfoque basado en el desarrollo de competencias transversales /  |c Berta Marco Stiefel (Coord.) ; Tusta Aguilar García, Ma Luz Callejo de la Vega, Inés Ma Gómez Chacón, Olga Juarros González, Encarnación Molina Medina, Carmen Velasco Rodríguez. 
250 |a Primera edición en eBook. 
264 1 |a Madrid :  |b Narcea S.A. de Ediciones,  |c 2010. 
300 |a 1 online resource :  |b illustrations. 
336 |a text  |b txt  |2 rdacontent 
337 |a computer  |b c  |2 rdamedia 
338 |a online resource  |b cr  |2 rdacarrier 
490 1 |a Apuntes I.E.P.S. ;  |v no. 67 
500 |a On cover: Instituto de Estudios Pedagógicos Somosaguas. 
504 |a Includes bibliographical references. 
588 0 |a Online resource; title from PDF title page (Digitalia, viewed August 30, 2017) 
650 0 |a Civics  |x Study and teaching. 
650 0 |a Citizenship  |x Study and teaching. 
650 0 |a Democracy  |x Study and teaching. 
650 0 |a Political participation  |x Study and teaching. 
655 0 |a Electronic books. 
700 1 |a Marco Stiefel, Berta,  |e editor. 
700 1 |a Aguilar García, Tusta,  |e author. 
700 1 |a Callejo de la Vega, María Luz,  |e author. 
700 1 |a Gómez Chacón, Inés Ma.  |q (Inés María),  |e author. 
700 1 |a Juarros González, Olga,  |e author. 
700 1 |a Molina Medina, Encarnación,  |e author. 
700 1 |a Velasco Rodríguez, Carmen,  |e author. 
791 2 |a Digitalia (Firm),  |e distributor. 
793 0 |g Digitalia eBook Collection:  |a Narcea Ediciones 
776 0 8 |i Print version:  |t Educación para la ciudadanía.  |d Madrid : Narcea, 2003  |z 9788427713970 
830 0 |a Apuntes I.E.P.S. ;  |v no. 67. 
856 4 0 |3 Digitalia Hispánica  |u https://digitalia.unach.elogim.com/a/28978/ 
910 |a Premium collection: 2017